Größte Städte des Saarlands - Extrem - Statistiken

Allgemein
  • Dieses Quiz wurde 140 mal gespielt
  • Das Durchschnittsergebnis liegt bei 7 aus 9
Antwortstatistiken
Einwohner Stadt % Korrekt
181.959 Saarbrücken
100%
46.882 Neunkirchen
93%
34.717 Saarlouis
89%
42.297 Homburg
86%
40.192 Völklingen
77%
30.051 Merzig
74%
25.583 St. Wendel
74%
35.216 St. Ingbert
64%
20.240 Blieskastel
31%
Keine übereinstimmenden Quizze gefunden
Verteilung der Resultate
Anzahl Personen mit jedem Resultat
Perzentil nach korrekt beantworteten Fragen
Ihre Resultats-Entwicklung
Sie haben dieses Quiz noch nicht gespielt